Overview and key findings: engaging with citizens to improve services (Record no. 495302)

000 -LEADER
fixed length control field 00433cam a22001337a 4500
008 - FIXED-LENGTH DATA ELEMENTS--GENERAL INFORMATION
fixed length control field 180718b2007 xxu||||| |||| 00| 0 eng d
082 ## - DEWEY DECIMAL CLASSIFICATION NUMBER
Classification number V43 Sa84
100 ## - MAIN ENTRY--PERSONAL NAME
Personal name Satyanand, Premila Nazareth
245 ## - TITLE STATEMENT
Title Overview and key findings: engaging with citizens to improve services
Statement of responsibility, etc. by Premila Nazareth Satyanand
260 ## - PUBLICATION, DISTRIBUTION, ETC.
Place of publication, distribution, etc. New Delhi
Name of publisher, distributor, etc. Water and Sanitation Program
Date of publication, distribution, etc. 2007
300 ## - PHYSICAL DESCRIPTION
Extent 54p.
650 ## - SUBJECT ADDED ENTRY--TOPICAL TERM
Topical term or geographic name entry element Sanitaion
650 ## - SUBJECT ADDED ENTRY--TOPICAL TERM
Topical term or geographic name entry element Water supply
Holdings
Withdrawn status Lost status Damaged status Not for loan Permanent Location Current Location Date acquired Full call number Barcode Date last seen Price effective from Koha item type
        Indian Institute of Public Administration Indian Institute of Public Administration 2018-08-04 V43 Sa84 GR18433 2018-08-04 2018-08-04 GR

Powered by Koha